000 00478nam a2200157 a 4500
001 000034052
005 20200930070731.0
008 131107s1922 fr a 000 0 spa d
040 _aDO-SdBNP
_bfra
_cBNHPU
082 _axxx
_bxxxx
100 1 _aFranco, D´ Priamo B.
_959494
245 1 3 _aLa duplicité urétérale. /
_cD´Priamo B. Franco.
260 _aParis, Francia, :
_bA. Maloine & fils,
_c1922.
300 _a354 p. ; :
_bil. ;
_c25 cm.
504 _aBibliographie p: 342-354
999 _c33543
_d33543